Statistics for Countries by Clue #3

Click here to take the quiz!

General Stats

  • This quiz has been taken 49,961 times
  • The average score is 14 of 22

Answer Stats

Clues Country % Correct
Pyramids, Cleopatra, Tahrir SquareEgypt
100%
Volcanos, Vikings, BjörkIceland
89%
Shamrock, James Joyce, Blarney StoneIreland
88%
Machu Picchu, Ceviche, FujimoriPeru
83%
Dragon Tattoo, Malmö, Income EqualitySweden
75%
Madeira, Vasco da Gama, AlgarvePortugal
73%
Malagasy, Lemurs, AntananarivoMadagascar
70%
Borscht, Black Sea, OdessaUkraine
68%
Kilimanjaro, Dodoma, SwahiliTanzania
67%
Ceylon, Sinhala, Teardrop ShapedSri Lanka
65%
Maasai, Mombasa, MarathonsKenya
64%
Balkans, Beaches, DubrovnikCroatia
62%
Micronation, Pyrenees, CatalanAndorra
62%
Landlocked, Guarani, AsunciónParaguay
60%
Lake Victoria, Kampala, Idi AminUganda
58%
Luzon, Return of MacArthur, TagalogPhilippines
57%
Divided Island, Larnaca, Birth of AphroditeCyprus
54%
Citgo, Chávez, Isla MargaritaVenezuela
51%
Papa Doc, Slave Revolution, Wyclef JeanHaiti
49%
Lake Titicaca, Cochabamba, Coca LeafBolivia
49%
Tutsis, Kigali, Mountain GorillasRwanda
46%
Black Hawk Down, Shari'a, Gulf of AdenSomalia
42%

Score Distribution

Percentile by Number Answered

Percent of People with Each Score

Your Score History

You have not taken this quiz